Diagnostic procedures in veterinary microbiology

Guardat en:
Dades bibliogràfiques
Autor principal: Carter, Gordon R.
Format: Llibre
Idioma:Undetermined
Publicat: Springfield Thomas 1973
Matèries:
Etiquetes: Afegir etiqueta
Sense etiquetes, Sigues el primer a etiquetar aquest registre!
Thư viện lưu trữ: Trung tâm Học liệu Trường Đại học Cần Thơ
LEADER 00595nam a2200193Ia 4500
001 CTU_126205
008 210402s9999 xx 000 0 und d
082 |a 636.089601 
082 |b C323 
100 |a Carter, Gordon R. 
245 0 |a Diagnostic procedures in veterinary microbiology 
245 0 |c Gordon R. Carter 
260 |a Springfield 
260 |b Thomas 
260 |c 1973 
650 |a Veterinary microbiology,Diagnostic microbiology,Communicable diseases in Animals 
650 |x Technique,Diagnosis 
904 |i Nguyên 
980 |a Trung tâm Học liệu Trường Đại học Cần Thơ